Промышленность и рабочий класс Якутской АССР : (Record no. 187304)
[ view plain ]
| 000 -LEADER | |
|---|---|
| fixed length control field | 01617nam a2200241 u 4500 |
| 001 - CONTROL NUMBER | |
| control field | 000505349 |
| 003 - CONTROL NUMBER IDENTIFIER | |
| control field | AM-YeHGA |
| 005 - DATE AND TIME OF LATEST TRANSACTION | |
| control field | 20250617134739.0 |
| 008 - FIXED-LENGTH DATA ELEMENTS--GENERAL INFORMATION | |
| fixed length control field | 061023s ||| r 000 0 rus d |
| 040 ## - CATALOGING SOURCE | |
| Original cataloging agency | AM-YeHGA |
| 041 0# - LANGUAGE CODE | |
| Language code of text/sound track or separate title | rus |
| 090 ## - LOCALLY ASSIGNED LC-TYPE CALL NUMBER (OCLC); LOCAL CALL NUMBER (RLIN) | |
| -- | 188769 |
| 245 00 - TITLE STATEMENT | |
| Title | Промышленность и рабочий класс Якутской АССР : |
| Remainder of title | Сборник документов и материалов / |
| Statement of responsibility, etc. | Центральный гос. архив Якутской АССР; Ин-т языка лит-ры и истории ЯФ СО АН СССР; Редкол.: М.М. Хатылаев (отв. ред.) и др. |
| 260 ## - PUBLICATION, DISTRIBUTION, ETC. | |
| Place of publication, distribution, etc. | Якутск : |
| Name of publisher, distributor, etc. | Якутское кн. изд-во. |
| 300 ## - PHYSICAL DESCRIPTION | |
| Extent | т. |
| 490 #0 - SERIES STATEMENT | |
| Series statement | Промышленность и рабочий класс СССР 1946 - 1975 гг.: Документы и материалы / Гл. архивное упр. при сов. мин. СССР., Ин-т истории СССР АН СССР |
| 505 10 - FORMATTED CONTENTS NOTE | |
| Miscellaneous information | Т. 1 (1987, 166 с.) |
| Title | 1946-1958 |
| 653 0# - INDEX TERM--UNCONTROLLED | |
| Uncontrolled term | Промышленность - Якутская АССР - История - Документы и материалы |
| 653 0# - INDEX TERM--UNCONTROLLED | |
| Uncontrolled term | Рабочий класс в Якутской АССР - История - Документы и материалы |
| 700 1# - ADDED ENTRY--PERSONAL NAME | |
| Personal name | Хатылаев, М.М. |
| Relator term | ред. |
| Relationship | edt |
| 710 2# - ADDED ENTRY--CORPORATE NAME | |
| Corporate name or jurisdiction name as entry element | Институт языка, литературы и истории Якутского филиала СО АН СССР |
| 830 #1 - SERIES ADDED ENTRY--UNIFORM TITLE | |
| Uniform title | Промышленность и рабочий класс СССР 1946 - 1975 гг.: Документы и материалы |
| Withdrawn status | Lost status | Damaged status | Not for loan | Collection | Home library | Current library | Date acquired | Serial enumeration / chronology | Total checkouts | Full call number | Barcode | Date last seen | Price effective from | Koha item type | Public note |
|---|---|---|---|---|---|---|---|---|---|---|---|---|---|---|---|
| General | Fundamental Scientific Library | Fundamental Scientific Library | 28/12/2016 | Т. 1 | 323.33(571.56) | 120605164 | 28/12/2016 | 28/12/2016 | Գրքեր / Books | 30 Days Loan |
ՀՀ Գիտությունների ազգային ակադեմիայի հիմնարար գիտական գրադարան = Fundamental Scientific Library of NAS RA
All site content, except where otherwise noted, is licensed under a